Kể chuyện cho trẻ

Spremljeno u:
Bibliografski detalji
Glavni autor: Nguyễn Huy Đàn
Format: Knjiga
Jezik:Vietnamese
Izdano: H. Giaó dục 1999
Izdanje:Tái bản lần thứ 1
Oznake: Dodaj oznaku
Bez oznaka, Budi prvi tko označuje ovaj zapis!
Thư viện lưu trữ: Mạng thư viện Đại học Đà Nẵng
LEADER 00973nam a22003138a 4500
001 000015581
003 11964
005 20120530140532.0
008 120530s1999 b 000 0 vieod
020 |c 4700  |d 1000b 
041 0 |a vie 
080 |a 4(V)(03) 
082 |a 372.21  |b NG-Đ 
084 |a V172.1z21  |b T000ừ 
100 0 |a Nguyễn Huy Đàn 
245 1 0 |a Kể chuyện cho trẻ  |c Nguyễn Huy Đàn 
250 |a Tái bản lần thứ 1 
260 |a H.  |b Giaó dục  |c 1999 
300 |a 92 tr.  |c 20 cm. 
OWN |a LSP 
AVA |a UDN50  |b LSP  |d 372.21 NG-Đ  |e available  |t Error 5001 Not defined in file expand_doc_bib_avail.  |f 3  |g 0  |h N  |i 0  |k 1 
999 |a From the UDN01 
AVA |a UDN50  |b LSP  |d 372.21 NG-Đ  |e available  |t Error 5001 Not defined in file expand_doc_bib_avail.  |f 3  |g 0  |h N  |i 0  |k 1 
TYP |a Monograph 
TYP |a Printed language 
980 |a Mạng thư viện Đại học Đà Nẵng